Normal view MARC view
  • Supervisor Dr. Zafar Abbas Bangash

Entry Corporate Name

Number of records used in: 2

001 - CONTROL NUMBER

  • control field: 99735

003 - CONTROL NUMBER IDENTIFIER

  • control field: NUST

005 - DATE AND TIME OF LATEST TRANSACTION

  • control field: 20221010160526.0

008 - FIXED-LENGTH DATA ELEMENTS

  • fixed length control field: 221010|| aca||aabn | a|a d

040 ## - CATALOGING SOURCE

  • Original cataloging agency: NUST
  • Transcribing agency: NUST

110 ## - HEADING--CORPORATE NAME

  • Corporate name or jurisdiction name as entry element: Supervisor Dr. Zafar Abbas Bangash

670 ## - SOURCE DATA FOUND

  • Source citation: Work cat.: (NUST): Muhammad Shahzad 28519, TH-SOF-2088-Experimental Study on the Performance of Split Air Conditioner With and Without Cooling Pads at ODU, 2022.
© 2023 Central Library, National University of Sciences and Technology. All Rights Reserved.